Οι Μουσουλμάνοι Αθίγγανοι της Θράκης
Αποθηκεύτηκε σε:
| Κύριος συγγραφέας: | |
|---|---|
| Μορφή: | Βιβλίο |
| Γλώσσα: | Greek |
| Δημοσίευση: |
Θεσσαλονίκη :
Ιδρυμα Μελετών Χερσονήσου του Αίμου,
1994
|
| Σειρά: | Ίδρυμα Μελετών Χερσονήσου του Αίμου (Σειρά)
; 255 |
| Θέματα: | |
| Ετικέτες: |
Προσθήκη ετικέτας
Δεν υπάρχουν, Καταχωρήστε ετικέτα πρώτοι!
|
MARC
| LEADER | 00000cam a2200000 i 4500 | ||
|---|---|---|---|
| 001 | 1/99459 | ||
| 008 | 950331s1994 gre d | ||
| 035 | |l 10011311 | ||
| 040 | |a GR-MY-UA |b gre |e aacr | ||
| 041 | 0 | |a gre | |
| 082 | 0 | |a 305.891497 | |
| 100 | 1 | |a Ζεγκίνης, Ευστράτιος Χ. | |
| 245 | 1 | 3 | |a Οι Μουσουλμάνοι Αθίγγανοι της Θράκης / |c Ευστρατίου Χ. Ζεγκίνη |
| 260 | |a Θεσσαλονίκη : |b Ιδρυμα Μελετών Χερσονήσου του Αίμου, |c 1994 | ||
| 300 | |a 84 σ. | ||
| 490 | 1 | |a Ιδρυμα Μελετών Χερσονήσου του Αίμου |v ; 255 | |
| 650 | 0 | 0 | |a Romanies |z Greece |z Thrace, Western. |
| 830 | 0 | |a Ίδρυμα Μελετών Χερσονήσου του Αίμου (Σειρά) |v ; 255 | |
| 852 | |a INST |b LESVOS |e 19950331 |h 305.891497 ΖΕΓ |p 005100001943 |q 005100001943 |t BK |y 0 | ||
| 909 | |a Λ |b 038144 | ||
| 970 | |a ΚΑΜΑΤΣΟΥ |b ΔΕΣΠΟΙΝΑ |z 2000/01/03 | ||